| 000 | 00773aam a2200289 i 4500 | ||
|---|---|---|---|
| 001 | 592768714001 | ||
| 003 | CO-MdFUSB | ||
| 005 | 20250829113412.0 | ||
| 007 | ta | ||
| 008 | 250829t1955 mx |||| |||| 00| 0 spa d | ||
| 040 | _cCO-MdFUSB | ||
| 041 | 0 | _aspa | |
| 082 | 0 | 4 |
_223 _a249 _bH185o |
| 100 | 1 |
_aHallesby, O. (Ole) (1879-1961) _eautor |
|
| 245 | 1 | 3 |
_aLa oración cristiana _c/ O. Hallesby |
| 264 | 1 |
_bComité Colombiano de Literatura Evangélica, _aMéxico : _c[1955] |
|
| 264 | 4 | _c©1955 | |
| 300 | _a161 páginas | ||
| 336 |
_atexto _btxt _2rdacontent |
||
| 337 |
_2rdamedia _asin mediación _bn |
||
| 338 |
_2rdacarrier _avolumen _bnc |
||
| 563 | _aPasta dura | ||
| 650 | 7 |
_aOración _986 |
|
| 653 | _aVida cristiana | ||
| 942 | _cBK | ||
| 945 | _aJTF-925 | ||
| 999 |
_c36274 _d36274 |
||